logo

Bir Sreshtho Munshi Abdur Rouf Library
Jhenaidah Cadet College

মেঘনাথবধ কাব্য / (Record no. 3753)

MARC details
000 -LEADER
fixed length control field 00851nam a2200253 a 4500
001 - CONTROL NUMBER
JCCL Control Number 3753
003 - CONTROL NUMBER IDENTIFIER
JCCL marc code BD-JhCC
005 - DATE AND TIME OF LATEST TRANSACTION
control field 20171118105645.0
008 - FIXED-LENGTH DATA ELEMENTS--GENERAL INFORMATION
fixed length control field 171118s2001 bg |||| ||a| 000 0 ben d
020 ## - INTERNATIONAL STANDARD BOOK NUMBER
International Standard Book Number 9844102561
035 ## - SYSTEM CONTROL NUMBER
system control number (BD-JhCC)3753
040 ## - CATALOGING SOURCE
Original cataloging agency BD-JhCC
Modifying agency BD-JhCC
041 ## - LANGUAGE CODE
Language code of Book ben
082 ## - DEWEY DECIMAL CLASSIFICATION NUMBER
Classification number 891.4409
Author mark and Year DAT 2001
100 ## - MAIN ENTRY--PERSONAL NAME
Personal name দত্ত, মাইকেল মধুসূধন
245 ## - TITLE STATEMENT
Title মেঘনাথবধ কাব্য /
Statement of responsibility, etc মাইকেল মধুসূধন দত্ত,
260 ## - PUBLICATION, DISTRIBUTION, ETC. (IMPRINT)
Place of publication, distribution, etc ঢাকা :
Name of publisher, distributor, etc মাওলা ব্রাদার্স,
Date of publication, distribution, etc 2001
300 ## - PHYSICAL DESCRIPTION
Pagination 253 p. :
Dimensions 22 cm.
650 ## - SUBJECT ADDED ENTRY--TOPICAL TERM
Topical term or geographic name as entry element Bengali Epic Literature
700 ## - ADDED ENTRY--PERSONAL NAME
Personal name খান, রফিকউল্লাহ (সম্পা)
700 ## - ADDED ENTRY--PERSONAL NAME
Personal name সিকদার, সৌরভ (সম্পা)
942 ## - ADDED ENTRY ELEMENTS (KOHA)
Source of classification or shelving scheme Dewey Decimal Classification
Koha item type Books
Holdings
Source of classification or shelving scheme Damaged status Not for loan Home library Current library Shelving location Date of accession Cost, normal purchase price Total Checkouts Full call number Barcode Date last seen Copy number Koha item type
Dewey Decimal Classification     JCC Rouf Library JCC Rouf Library General Stacks 11/18/2017 160.00   891.4409 DAT 2001 5345 11/18/2017 C-1 Books

JCC Library | Contacts | JCC Home

Last Update on 23 September 2017
Copyright @ 2017-2020 JCC Rouf Library
Rouf Library, Jhenidah Cadet College (JCC), Bangladesh